|
|
|
|
| LEADER |
01151nam a2200289 a 4500 |
| 001 |
GR-MES12150 |
| 008 |
070502s nju b 001 0 gre d |
| 020 |
|
|
|a 0131430211
|
| 040 |
|
|
|a GrPaTEI
|b gre
|c GR-PaULI
|
| 040 |
|
|
|a GrPaTEI
|b gre
|c GR-PaULI
|
| 082 |
|
0 |
|a 657.3
|2 22
|
| 100 |
1 |
|
|a Revsine, Lawrence
|
| 245 |
1 |
0 |
|a Financial reporting and analysis /
|c Lawrence Revsine / Daniel W. Collins / W. Bruce Johnson.
|
| 250 |
|
|
|a 3rd ed.
|
| 260 |
|
|
|a Upper Saddle River :
|b Pearson/Prentice Hall,
|c 2005
|
| 300 |
|
|
|a xvii
|a 1070σ. :
|b εικ. ;
|c 29εκ.
|
| 504 |
|
|
|a Περιλαμβάνει βιβλιογραφίες και ευρετήριο.
|
| 650 |
|
0 |
|a Corporations
|x accounting
|
| 650 |
|
0 |
|a Financial statement
|
| 650 |
|
4 |
|a ΙΣΟΛΟΓΙΣΜΟΙ
|
| 650 |
|
4 |
|a Λογιστική
|
| 700 |
1 |
|
|a Collins, Daniel W.
|
| 700 |
1 |
|
|a Johnson, Bruce W.
|
| 942 |
|
|
|2 ddc
|
| 952 |
|
|
|0 0
|1 0
|2 ddc
|4 0
|6 657_300000000000000_REV
|7 0
|9 270795
|a MSLG
|b MSLG
|c BSC
|d 2021-01-17
|e 24
|f 0
|g 0.00
|l 0
|o 657.3 REV
|p 2420000021703
|r 2021-01-17 00:00:00
|t 1
|w 2021-01-17
|y BK15
|x 20070502 0 ΜΑΤΣΙΩΡΗ 1
|x GrPaTEI
|
| 971 |
|
|
|a .b25781972
|b 15-04-20
|c 13-09-16
|
| 999 |
|
|
|c 156446
|d 156446
|